000 00391nam a2200169Ia 4500
005 20250423095305.0
008 250422s9999 xx 000 0 und d
020 _a0- 536- 43566- 9
050 _aHM 51 .H39794/
100 _aHenslin, James M.
245 0 _aEssentials of sociology
260 _aBoston
260 _bPrentice- Hall
260 _c2007
300 _a440 p
942 _cBK
999 _c29820
_d29820